Introduction

Guardado en:
Detalles Bibliográficos
Autor principal: Štefančík, Radoslav, 1976-
Formato: Capítulo de libro
Lenguaje:inglés
Materias:
Etiquetas: Agregar Etiqueta
Sin Etiquetas, Sea el primero en etiquetar este registro!

MARC

LEADER 00000naa$a2200000$$$4500
001 0305319
005 20241126145720.5
041 0 |a eng 
044 |a GB 
245 1 0 |a Introduction  |c Radoslav Štefančík 
610 2 0 |a Ukrajina 
610 2 0 |a Rusko 
610 2 0 |a vojny 
610 2 0 |a kríza 
610 2 0 |a kríza energetická 
610 2 0 |a kríza pandemická 
610 2 0 |a Európa 
100 1 |a Štefančík, Radoslav, 1976-